| 000 | 01030cam a2200313 i 4500 | ||
|---|---|---|---|
| 001 | 3666321 | ||
| 003 | Ke-BoTe | ||
| 005 | 20220427122609.0 | ||
| 008 | 771116s1978 nyua b 001 0 eng | ||
| 010 | _a 77018280 | ||
| 020 |
_a0023481900. _a002348120X |
||
| 040 |
_aDLC _cDLC _dDLC _dICU |
||
| 050 | 0 | 0 |
_aQP123 _b.G76 1978 |
| 060 | _aWF102 G873r | ||
| 082 | 0 | 0 | _a612/.2 |
| 100 | 1 |
_aGrodins, Fred S. _93723 |
|
| 245 | 1 | 0 |
_aRespiratory function of the lung and its control / _cFred S. Grodins, Stanley M. Yamashiro. |
| 260 |
_aNew York : _bMacmillan, _cc1978. |
||
| 300 |
_avii, 148 p. : _bill. ; _c24 cm. |
||
| 440 | 0 |
_aModern concepts in medical physiology _93724 |
|
| 504 | _aIncludes bibliographies and index. | ||
| 650 | 0 |
_aRespiration _xRegulation. _93725 |
|
| 650 | 0 |
_aLungs. _93726 |
|
| 650 | 2 |
_aLung _xPhysiology. _93727 |
|
| 650 | 2 |
_aRespiratory function tests. _93728 |
|
| 700 | 1 |
_aYamashiro, Stanley M., _d1941- _ejoint author. _93729 |
|
| 906 |
_a7 _bcbc _corignew _d1 _eocip _f19 _gy-gencatlg |
||
| 942 |
_2lcc _cBK _n0 |
||
| 999 |
_c1888 _d1888 |
||